00811nam a2200241 i 450000100060000000300090000600500170001500700030003200800410003502000180007604000220009408000150011610000400013124500630017126000360023430000210027049000310029165000360032283000390035885200330039799900170043095201220044712578ES-MaACL20230906150341.0t|960816s1996 sp ||||0| spa j a84-368-0948-3 aM-BN bspa cM-BN a159.9(091)1 aCarpintero, Helio (d1939-)917242010aHistoria de las ideas psicológicas / cHelio Carpintero. aMadrid : bPirámide, c[1996] a486 p ; c23 cm.1 aColección "Psicología"14aPsicología-vHistoria.9165470 aColección "Psicología"9179967 aES-MaACLjL-19884 bR.126089 c12578d12578 00104070aATENEOMbATENEOMcDEPO2d2008-01-17eSCl0oL-19884p1012814r2023-02-23 00:00:00w2023-02-23yMONOGRAFIA